00229nam a2200097Ia 4500008004100000100001900041245002700060260002800087300000800115650000800123191201s2014 xx 000 0 und d aAGUNIS, Herman 0aPerformance Management aN. DelhibPearsonc2014 a311 aMBA